Score 0/12 Timer 02:30
0 Plays Today
Question Answer Wrong Answers
Mountain Dew USA
89.8%
Italy
0.5%
Spain
0.3%
Mexico
0.2%
Bourbon USA
87.4%
Italy
2.6%
Spain
5.4%
Mexico
2.9%
Campari Italy
86.5%
Spain
7.9%
Mexico
4.8%
USA
0.6%
Prosecco Italy
82.5%
Spain
9.4%
Mexico
1%
USA
0.8%
Tequila Mexico
79.9%
Italy
3%
Spain
12.1%
USA
0.6%
Sangria Spain
77.6%
Italy
5.8%
Mexico
8%
USA
1%
Jarritos Mexico
72%
Italy
2.2%
Spain
14.9%
USA
1%
San Pellegrino Italy
69.9%
Spain
15.4%
Mexico
3.3%
USA
1.3%
Cava Spain
69.1%
Italy
12.6%
Mexico
6.9%
USA
0.9%
Tepache Mexico
65.8%
Italy
4.4%
Spain
17.3%
USA
1.6%
La Casera Spain
62.7%
Italy
11.2%
Mexico
14.1%
USA
1.1%
Paloma Mexico
30.7%
Italy
13.3%
Spain
52.1%
USA
0.9%

Today's Daily Dose

You're not logged in!

Compare scores with friends on all Sporcle quizzes.
OR
Log In

Sporcle TV

Today on Sporcle TV


Watch our educational content, quiz creation guides, and fun videos on Sporcle TV.

Show Comments

Extras

Top Quizzes Today


Score Distribution

Paid Content

Your Account Isn't Verified!

In order to create a playlist on Sporcle, you need to verify the email address you used during registration. Go to your Sporcle Settings to finish the process.

Report this User

Report this user for behavior that violates our Community Guidelines.

Details: